| 000 | | | 05705cbc2a2200253#x 450 |
| 001 | | | c2e90df1-88ca-4dd2-a7cb-8badcd66cef3 |
| 005 | | | 20250217132434.0 |
| 100 | ## | $a | 20220708l19011915k l0rusy0189 ca |
| 101 | 0# | $a | rus |
| 102 | ## | $a | RU |
| 105 | ## | $a | y### |
| 122 | 2# | $a | d19011114## |
| | $a | d19151230## |
| 200 | 1# | $a | Письма Николая Петровича Михневич, генерал-майора, профессора и начальника Николаевской академии Генерального штаба, В. Г. Глазову |
| | $j | 14 ноября 1901 г. - 30 декабря 1915 г. |
| 215 | ## | $a | 32 листа |
| | $d | 36,5х26 см |
| 251 | ## | $c | Дело |
| 300 | ## | $a | Письма В. Г. Глазову |
| 300 | ## | $a | Приложение: переписка его с В. В. Игнациусом, командиром броненосца "Князь Суворов" по поводу окончания постройки последнего (копии) |
| 300 | ## | $a | Рукописный текст. Чернила |
| 371 | ## | $a | Документ не является опубликованным и широко распространяемым |
| 461 | #0 | $1 | 001a0677813-3e93-41be-9674-7603f4b125b4 |
| | $1 | 2001 |
| | $a | Глазов Владимир Гаврилович (1848-1920(?))? начальник Академии Генерального штаба, министр народного просвещения, помощник командующего войсками Московского военного округа, член Военного совета |
| | $1 | 251 |
| | $c | Фонд |
| | $1 | 852 |
| | $j | 922 |
| 462 | #0 | $1 | 00132ad4211-6cd4-4fd7-bd51-1d7fd465ad5c |
| | $1 | 2001 |
| | $a | Личные и служебные документы В. Г. Глазова |
| | $v | Д. 552 |
| | $1 | 251 |
| | $c | Опись |
| | $1 | 852 |
| | $j | 1 |
| 801 | #0 | $a | RU |
| | $b | РГИА |
| | $c | 20220708 |
| 801 | #1 | $a | RU |
| | $b | ГлавНИВЦ |
| | $c | 20220708 |
| | $2 | rusmarc |
| 801 | #2 | $a | RU |
| | $b | ПБ им. Б.Н. Ельцина |
| | $c | 20221113 |
| | $g | RCR |
| | $2 | rusmarc |
| 850 | ## | $a | Федеральное казенное учреждение "Российский государственный исторический архив" |
| 852 | ## | $a | РГИА |
| | $j | 552 |
| 937 | ## | $h | РГИА |
| | $d | 12373628 |
| | $a | ASBIBLIO_SCAN |
| 035 | ## | $a | RusGRCC00047553 |
| 856 | ## | $u | http://readingroom.main.prlib.ru/item.aspx?id_node=n180642323&mode=full |
| 600 | #1 | $2 | nlr_sh |
| | $3 | RU\NLR\AUTH\6601674548 |
| | $a | Михневич |
| | $b | Н. П. |
| | $f | 1849 - 1927 |
| | $g | Николай Петрович |
| | $j | Архивные дела |
| 601 | 02 | $2 | nlr_sh |
| | $3 | RU\NLR\AUTH\661340319 |
| | $a | Общевойсковая академия Вооруженных сил Российской Федерации |
| | $c | Москва, город |
| | $j | Архивные дела |
| | $x | История |
| 605 | ## | $2 | acquisition_Prlib |
| | $3 | DITM\AF\0000004166 |
| | $a | Россия в лицах |
| | $l | коллекция |
| 605 | ## | $2 | acquisition_Prlib |
| | $3 | DITM\AF\0000004675 |
| | $a | Территория |
| | $l | коллекция |
| 605 | ## | $2 | acquisition_Prlib |
| | $3 | LIBNET\UAF\0000011039 |
| | $a | Санкт-Петербург: страницы истории |
| | $l | коллекция |
| 686 | ## | $2 | rubbk |
| | $a | 63.3(2)52-8ю1 |
| | $v | LBC/M |